animals quizz - Statistiques

Statistiques générales
  • Ce quiz a été pris 640 fois
  • Le résultat moyen est 11 sur 17
Statistiques - réponses
Par images Réponse % Correct
chien
99%
chat
98%
lion
98%
tigre
98%
poule
82%
loutre
81%
giraphe
77%
serpent
72%
cochon d'inde
65%
lapin
59%
vache
55%
cheval
50%
poisson
50%
poulpe
50%
babouin
35%
crevette
31%
pelican
25%
Aucun quiz correspondant
Distribution des résultats
% des personnes avec chaque résultat
Percentile par nombre de réponses
Votre historique - résultats
Vous n’avez pas pris ce quiz